000 00279nam a22001097a 4500
008 160518b xxu||||| |||| 00| 0 eng d
020 _a9781931981828
041 _aeng
080 _a61
245 _aAllergic diseases and asthma;
_cJames E. Gern; William W. Busse;
942 _2udc
_cBK
999 _c2200
_d2200